[Event "ESP-ch States U14"]
[Site "Isla"]
[Date "2022.06.24"]
[Round "3"]
[White "Garcia Quismondo Arellano, Paula"]
[Black "Quintana Saez, Diana"]
[Result "1-0"]
[WhiteElo "1202"]
[BlackElo "1270"]
[PlyCount "61"]
[EventDate "2022.06.23"]
[EventType "swiss"]
[EventRounds "6"]
[EventCountry "ESP"]
[SourceTitle "EXT 2023"]
[Source "ChessBase"]
[SourceDate "2022.10.05"]
[SourceVersion "1"]
[SourceVersionDate "2022.10.05"]
[SourceQuality "1"]

1. e4 e5 2. Nf3 Nc6 3. Bc4 Bc5 4. c3 Nf6 5. d4 exd4 6. cxd4 Bb4+ 7. Bd2 Bxd2+ 8. Nbxd2 d5 9. exd5 Nxd5 10. Qb3 Na5 11. Qa4+ c6 12. Bd3 0-0 13. 0-0 Qb6 14. Rab1 Qb4 15. Qc2 b6 16. Bxh7+ Kh8 17. Be4 Qd6 18. Ng5 f6 19. Ngf3 Ba6 20. Rfe1 Nb4 21. Qa4 Bb5 22. Qa3 Nc4 23. Nxc4 Bxc4 24. Rbc1 Bb5 25. Nh4 Rfd8 26. Ng6+ Kg8 27. Qb3+ Kh7 28. Ne5+ f5 29. Bxf5+ g6 30. Qf7+ Kh8 31. Nxg6+ 1-0